000
00310nam a22001337a 4500
008
210303b ||||| |||| 00| 0 eng d
020
_a
9781932628777
041
_a
eng
080
_2
2nd
_a
510
100
_a
36
101
_a
MAT
245
_a
Introductory & Intermediate ALGEBRA
_c
Wright,F.D
942
_2
udc
_c
BK
999
_c
55637
_d
55637